00418nam a2200097Ia 45000010005000000080041000050820026000461000110000722450111001822600027002933747241024s9999 xx 000 0 und d aRD/612.6/R426g/2003/1 aRepública Dominicana.Secretaría de Estado de Educación.Departamento de Orientación y Psicología 0aGuía metodología.Educación efectivo sexual. Nivel Básico. 1er. Ciclo. Sistema Educativo Dominicano bEditora Corripioc2003